000 00714nam a2200289Ia 4500
005 20260324150718.0
008 008 260324s9999 xx 000 0 eng d
020 _a9780429029646
037 _aEBOOK
040 _aCRL
040 _beng
040 _cCRL
041 _2eng
041 _aeng
084 _qCRL
100 _aBenedetto Croce
_91211630
245 0 _aCroce, the King and the Allies
245 0 _bExtracts from a diary by Benedetto Croce, July 1943 - June 1944
260 _bTaylor and Francis
260 _c1950
365 _a
365 _b145
856 _uhttp://www.taylorfrancis.com/books/9780429029646
942 _cEBOOK
999 _c1837299
_d1837299